00477nam a2200121Ia 4500008004100000245018500041260003500226260000900261300000800270500001100278650001300289856005300302170516s9999 xx 000 0 und d aIs Vitamin C Supplementation Beneficial on Plasma Levels of Vitamin C and Total Anitioxidants for Pediatric Thalassemic Patients Undergoing Hematopoietic Stem Cell Transplantation? bJournal of Pharmaceutical Care c2014 a2:3 aSummer xPharmacy uhttp://jpc.tums.ac.ir/index.php/jpc/issue/view/8